Score 0/40 Timer 03:00
4 Plays Today
% Correct
Charles Dickens
93%
Dr. Seuss
92.5%
Charlotte Brontë
91.8%
Stephen King
91.1%
Charles Dickens
90.7%
Charles Dickens
90.6%
Charles Dickens
90.6%
Stephen King
90.4%
Agatha Christie
89.6%
John Steinbeck
89.4%
Dr. Seuss
89%
Roald Dahl
88.4%
Dr. Seuss
87.9%
Edgar Allan Poe
87.9%
Stephen King
87.6%
Roald Dahl
87.1%
Roald Dahl
86.9%
Dr. Seuss
86.8%
Roald Dahl
86.2%
Ernest Hemingway
84.7%
% Correct
John Steinbeck
84.6%
Ernest Hemingway
84.1%
Agatha Christie
83.3%
Stephen King
80.4%
Ernest Hemingway
79.8%
John Steinbeck
79.5%
Shel Silverstein
79.1%
Agatha Christie
77.4%
Edgar Allan Poe
77.2%
Ernest Hemingway
75%
Agatha Christie
73.2%
Shel Silverstein
65.5%
Shel Silverstein
65.1%
Edgar Allan Poe
64.3%
Edgar Allan Poe
63.8%
Shel Silverstein
63.4%
John Steinbeck
56.2%
Charlotte Brontë
53.4%
Charlotte Brontë
36.8%
Charlotte Brontë
21.3%
Remove Ads.
Support Sporcle.
Get the best of Sporcle when you Go Orange. This ad-free experience offers more features, more stats, and more fun while also helping to support Sporcle. Thank you for becoming a member.

You're not logged in!

Compare scores with friends on all Sporcle quizzes.
OR
Log In

Sporcle TV

Today on Sporcle TV


Watch our educational content, quiz creation guides, and fun videos on Sporcle TV.

Show Comments

Extras

Top Quizzes Today


Score Distribution

Paid Content

Your Account Isn't Verified!

In order to create a playlist on Sporcle, you need to verify the email address you used during registration. Go to your Sporcle Settings to finish the process.

Report this User

Report this user for behavior that violates our Community Guidelines.

Details: